|
|
|
|
| LEADER |
01582nam a2200313 a 4500 |
| 001 |
0017204 |
| 003 |
BD-DhAAL |
| 008 |
100112r20051996enkb b 001 0 eng d |
| 010 |
|
|
|a 95000748
|
| 020 |
|
|
|a 0521482054
|
| 020 |
|
|
|a 0521484340 (pbk.)
|
| 040 |
|
|
|a DLC
|c DLC
|d DLC
|d BD-DhAAL
|
| 082 |
0 |
0 |
|a 306.44
|2 20
|
| 245 |
0 |
0 |
|a Sociolinguistics and language teaching /
|c edited by Sandra Lee McKay, Nancy H. Hornberger.
|
| 260 |
|
|
|a Cambridge [England] ;
|a New York :
|b Cambridge University Press,
|c 1996 [reprinted 2005].
|
| 300 |
|
|
|a xii, 484 p. :
|b maps ;
|c 23 cm
|
| 490 |
0 |
|
|a The Cambridge applied linguistics series
|
| 504 |
|
|
|a Includes bibliographical references and index.
|
| 526 |
|
|
|a ENH
|x Shenin Ziauddin and Nazia Husain
Faculty Members of BRAC University
|
| 541 |
1 |
|
|e 00017204
|a Friends' Book Corner
|
| 650 |
|
0 |
|a Language and languages
|x Study and teaching
|x Social aspects.
|9 6598
|
| 650 |
|
0 |
|a Sociolinguistics.
|
| 700 |
1 |
|
|a McKay, Sandra.
|9 58393
|
| 700 |
1 |
|
|a Hornberger, Nancy H.
|9 55379
|
| 852 |
4 |
|
|a Ayesha Abed Library
|c General Stacks
|
| 942 |
|
|
|2 ddc
|c BK
|
| 999 |
|
|
|c 6936
|d 6936
|
| 952 |
|
|
|0 0
|1 0
|2 ddc
|4 0
|6 306_440000000000000_SOC_2005
|7 0
|9 7170
|a BRACUL
|b BRACUL
|c GEN
|d 2010-01-13
|e Friends' Book Corner
|g 3980.00
|l 4
|m 3
|o 306.44 SOC
|p 3010017204
|r 2016-12-08
|s 2016-12-01
|t 1
|w 2010-01-13
|y BK
|x Requisitioned by Shenin Ziauddin and Nazia Husain (Faculty Members of BRAC University)
|
| 952 |
|
|
|0 0
|1 0
|2 ddc
|4 0
|6 306_440000000000000_SOC
|7 0
|9 19840
|a BRACUL
|b BRACUL
|c GEN
|d 2012-03-28
|e karim International
|g 829.50
|l 3
|m 18
|o 306.44 SOC
|p 3010024856
|r 2015-01-10
|s 2014-12-09
|t 2
|w 2012-03-29
|y BK
|